• 首页
  • 本馆介绍
  • 公告通知
  • 最新文献
  • 馆藏检索
  • 电子资源
  • 读者导购
  • 参考咨询
  • 我的图书馆
  • 登录
  • 详细信息显示
  • 放入我的书架
  • 预约/预借图书
  • 作者相关作品
  • 分类相关作品
  • 丛书相关作品
  • 出版社相关作品

书目信息

  • 表格格式
  • 工作单格式
  • 卡片格式
题名:
国民经济综合平衡统计学
    
 
作者: 钱伯海 著
分册:  
出版信息: 北京   中国财政经济出版社  1982
页数: 287页
开本: 21cm
丛书名:
单 册:
中图分类: F223
科图分类:
主题词: 国民经济平衡统计学-综合平衡 , 综合平衡-国民经济平衡统计学
电子资源:
ISBN:
000 00683nam0 2200241 45
001 0182008315
005 20060719102908.68
010    @dCNY1.20
091    @aCN@b4166.345
100    @a19950623d1982 em y0chiy0121 ea
101 0  @achi
102    @aCN@b110000
105    @ay z 000yy
200 10 @a国民经济综合平衡统计学@Aguo min jing ji zong he ping heng tong ji xue@f钱伯海著
210    @a北京@c中国财政经济出版社@d1982
215    @a287页@c图表@d21cm
606    @a国民经济平衡统计学-综合平衡
606    @a综合平衡-国民经济平衡统计学
690    @aF223@v3
701  0 @a钱伯海@Aqian bo hai@4著
801  2 @aCN@bNLC@c20060719
801  0 @aCN@bTSSF
905    @a10447@dF223@e165
    
    国民经济综合平衡统计学/钱伯海著.-北京:中国财政经济出版社,1982
    287页:图表;21cm
    
    
    ISBN :CNY1.20
    
●
相关链接 在E读中查询图书 在五车中查询图书 在当当中查询图书 在豆瓣中查询图书


正题名:国民经济综合平衡统计学     索取号:F223/165         预约/预借

序号 登录号 条形码 馆藏地/架位号 状态 备注
1 0424529   204245290   密集书库/ [索取号:F223/165] 在馆    
唐山师范学院图书馆 欢迎您!
大连网信软件有限公司© 版权所有